[Event "English Schools Championship Final 2024"]
[Site "Nottingham University Kings Meadow Campus, United Kingdom"]
[Date "2024.06.27"]
[Round "3.10"]
[White "Sui, Yueyue"]
[Black "Cordova Lopez, Diego Anton"]
[Result "1/2-1/2"]
[TimeControl "G50' + 10\" per move."]
[WhiteFideId "343411924"]
[BlackFideId "459313"]
[WhiteElo "1786"]
[BlackElo "2018"]

1. d4 {[%clk 00:50:18]} {[%emt 00:00:02]} d5 {[%clk 00:50:15]} {[%emt
00:00:06]} 2. c4 {[%clk 00:50:26]} {[%emt 00:00:03]} e6 {[%clk 00:50:21]}
{[%emt 00:00:03]} 3. Nc3 {[%clk 00:50:32]} {[%emt 00:00:03]} c5 {[%clk
00:50:23]} {[%emt 00:00:08]} 4. cxd5 {[%clk 00:50:38]} {[%emt 00:00:05]} exd5
{[%clk 00:50:29]} {[%emt 00:00:05]} 5. Nf3 {[%clk 00:50:43]} {[%emt 00:00:04]}
Nf6 {[%clk 00:50:26]} {[%emt 00:00:13]} 6. Bg5 {[%clk 00:50:41]} {[%emt
00:00:12]} Be6 {[%clk 00:50:30]} {[%emt 00:00:06]} 7. Bxf6 {[%clk 00:50:39]}
{[%emt 00:00:13]} Qxf6 {[%clk 00:50:23]} {[%emt 00:00:16]} 8. e4 {[%clk
00:50:35]} {[%emt 00:00:14]} dxe4 {[%clk 00:47:10]} {[%emt 00:03:23]} 9. Nxe4
{[%clk 00:50:26]} {[%emt 00:00:18]} Qf4 {[%clk 00:45:43]} {[%emt 00:01:37]} 10.
Bb5+ {[%clk 00:47:09]} {[%emt 00:03:28]} Nd7 {[%clk 00:45:13]} {[%emt
00:00:40]} 11. Qe2 {[%clk 00:45:48]} {[%emt 00:01:31]} O-O-O {[%clk 00:40:33]}
{[%emt 00:04:49]} 12. O-O {[%clk 00:43:52]} {[%emt 00:02:06]} Kb8 {[%emt
00:07:31]} 13. Bxd7 {[%clk 00:38:51]} Bxd7 {[%clk 00:37:43]} {[%emt 00:00:50]}
14. Nxc5 {[%clk 00:38:13]} {[%emt 00:00:47]} Bc6 {[%clk 00:36:44]} {[%emt
00:01:09]} 15. Qe5+ {[%clk 00:36:21]} {[%emt 00:02:02]} Qxe5 {[%clk 00:27:49]}
{[%emt 00:09:06]} 16. Nxe5 {[%clk 00:36:08]} {[%emt 00:00:24]} Rxd4 {[%clk
00:27:23]} {[%emt 00:00:35]} 17. Nxc6+ {[%clk 00:35:40]} {[%emt 00:00:38]} bxc6
{[%clk 00:27:18]} {[%emt 00:00:15]} 18. Nb3 {[%clk 00:35:35]} {[%emt 00:00:14]}
Rd5 {[%clk 00:25:47]} {[%emt 00:01:41]} 19. Rfd1 {[%clk 00:32:44]} {[%emt
00:03:02]} Be7 {[%clk 00:24:41]} {[%emt 00:01:16]} 20. Rxd5 {[%clk 00:32:37]}
{[%emt 00:00:16]} cxd5 {[%clk 00:24:32]} {[%emt 00:00:19]} 21. Kf1 {[%clk
00:32:22]} {[%emt 00:00:26]} Bf6 {[%clk 00:23:28]} {[%emt 00:01:14]} 22. Nd2
{[%clk 00:31:46]} {[%emt 00:00:45]} Rc8 {[%clk 00:23:07]} {[%emt 00:00:31]} 23.
Nf3 {[%clk 00:31:00]} {[%emt 00:00:57]} Rc2 {[%clk 00:21:26]} {[%emt 00:01:51]}
24. Rb1 {[%clk 00:30:51]} {[%emt 00:00:18]} h6 {[%clk 00:19:06]} {[%emt
00:02:31]} 25. g4 {[%clk 00:29:57]} {[%emt 00:01:04]} Rxb2 {[%clk 00:18:57]}
{[%emt 00:00:19]} 26. Rxb2+ {[%clk 00:29:54]} {[%emt 00:00:13]} Bxb2 {[%clk
00:19:05]} {[%emt 00:00:03]} 27. g5 {[%clk 00:29:41]} {[%emt 00:00:22]} Kc7
{[%clk 00:17:09]} {[%emt 00:02:05]} 28. gxh6 {[%clk 00:29:24]} {[%emt
00:00:29]} gxh6 {[%clk 00:17:17]} {[%emt 00:00:01]} 29. Ke2 {[%clk 00:29:23]}
{[%emt 00:00:11]} Kd6 {[%clk 00:16:18]} {[%emt 00:01:09]} 30. Kd3 {[%clk
00:29:10]} {[%emt 00:00:22]} Bf6 {[%clk 00:15:42]} {[%emt 00:00:46]} 31. Ng1
{[%clk 00:27:43]} {[%emt 00:01:37]} a5 {[%clk 00:14:32]} {[%emt 00:01:20]} 32.
Ne2 {[%clk 00:27:40]} {[%emt 00:00:14]} Kc5 {[%clk 00:13:51]} {[%emt 00:00:50]}
33. h3 {[%clk 00:26:25]} {[%emt 00:01:25]} a4 {[%clk 00:12:11]} {[%emt
00:01:50]} 34. Nf4 {[%clk 00:26:12]} {[%emt 00:00:23]} Be5 {[%clk 00:11:29]}
{[%emt 00:00:52]} 35. Ne2 {[%clk 00:24:20]} {[%emt 00:02:03]} Kb4 {[%clk
00:11:00]} {[%emt 00:00:39]} 36. Kc2 {[%clk 00:24:13]} {[%emt 00:00:16]} Kc4
{[%clk 00:11:02]} {[%emt 00:00:08]} 37. Nc1 {[%clk 00:24:07]} {[%emt 00:00:17]}
Kd4 {[%clk 00:07:30]} {[%emt 00:03:40]} 38. Nd3 {[%clk 00:23:36]} {[%emt
00:00:43]} Bd6 {[%clk 00:07:28]} {[%emt 00:00:11]} 39. Kd2 {[%clk 00:23:34]}
{[%emt 00:00:12]} Bc7 {[%clk 00:06:11]} {[%emt 00:01:27]} 40. Kc2 {[%clk
00:23:04]} {[%emt 00:00:39]} Ba5 {[%clk 00:05:06]} {[%emt 00:01:16]} 41. Nf4
{[%clk 00:22:05]} {[%emt 00:01:09]} Ke4 {[%clk 00:04:03]} {[%emt 00:01:14]} 42.
Nd3 {[%clk 00:21:28]} {[%emt 00:00:47]} Bb6 {[%clk 00:01:41]} {[%emt 00:02:31]}
43. Kd2 {[%clk 00:20:52]} {[%emt 00:00:46]} f6 {[%clk 00:01:14]} {[%emt
00:00:37]} 44. Ke2 {[%clk 00:20:36]} {[%emt 00:00:26]} h5 {[%clk 00:01:00]}
{[%emt 00:00:24]} 45. f3+ {[%clk 00:20:12]} {[%emt 00:00:34]} Kd4 {[%clk
00:00:40]} {[%emt 00:00:31]} 46. Nf4 {[%clk 00:19:46]} {[%emt 00:00:36]} h4
{[%clk 00:00:43]} {[%emt 00:00:07]} 47. Ng2 {[%clk 00:19:36]} {[%emt 00:00:20]}
Kc3 {[%clk 00:00:44]} {[%emt 00:00:09]} 48. Nxh4 {[%clk 00:19:37]} {[%emt
00:00:08]} Kb2 {[%clk 00:00:50]} {[%emt 00:00:04]} 49. Nf5 {[%clk 00:19:27]}
{[%emt 00:00:21]} Kxa2 {[%clk 00:00:52]} {[%emt 00:00:08]} 50. h4 {[%clk
00:19:24]} {[%emt 00:00:13]} Kb2 {[%clk 00:00:43]} {[%emt 00:00:18]} 51. h5
{[%clk 00:19:30]} {[%emt 00:00:05]} a3 {[%clk 00:00:52]} {[%emt 00:00:01]} 52.
h6 {[%clk 00:19:25]} {[%emt 00:00:15]} a2 {[%clk 00:01:00]} {[%emt 00:00:02]}
53. h7 {[%clk 00:19:31]} {[%emt 00:00:04]} a1=Q {[%emt 00:00:03]} 54. h8=Q
{[%clk 00:19:35]} {[%emt 00:00:05]} Qa6 {[%clk 00:01:10]} {[%emt 00:00:07]} 55.
Kd2 {[%clk 00:19:12]} {[%emt 00:00:34]} Qa5 {[%clk 00:01:09]} {[%emt 00:00:11]}
56. Ke2 {[%clk 00:18:56]} {[%emt 00:00:26]} Qb5 {[%clk 00:01:15]} {[%emt
00:00:04]} 57. Ke1 {[%clk 00:18:55]} {[%emt 00:00:12]} Qb4+ {[%clk 00:00:24]}
{[%emt 00:01:01]} 58. Kf1 {[%clk 00:18:32]} {[%emt 00:00:32]} Qc4+ {[%clk
00:00:19]} {[%emt 00:00:14]} 59. Kg2 {[%clk 00:18:07]} {[%emt 00:00:35]} Qe2
{[%clk 00:00:19]} {[%emt 00:00:09]} 60. Kg3 {[%clk 00:18:02]} {[%emt 00:00:16]}
Qe5+ {[%clk 00:00:20]} {[%emt 00:00:09]} 61. Kg4 {[%clk 00:17:56]} {[%emt
00:00:16]} Bc7 {[%clk 00:00:13]} {[%emt 00:00:17]} 62. Qh6 {[%clk 00:17:51]}
{[%emt 00:00:16]} Qc3 {[%clk 00:00:12]} {[%emt 00:00:11]} 63. Qh3 {[%clk
00:17:20]} {[%emt 00:00:41]} Qb4+ {[%clk 00:00:18]} {[%emt 00:00:04]} 64. Kh5
{[%clk 00:17:20]} {[%emt 00:00:10]} Be5 {[%clk 00:00:13]} {[%emt 00:00:15]} 65.
Qg2+ {[%clk 00:17:23]} {[%emt 00:00:06]} Ka3 {[%clk 00:00:22]} {[%emt
00:00:01]} 66. Ne3 {[%clk 00:17:18]} {[%emt 00:00:16]} Qb3 {[%clk 00:00:17]}
{[%emt 00:00:15]} 67. Qd2 {[%clk 00:15:58]} {[%emt 00:01:31]} d4 {[%clk
00:00:16]} {[%emt 00:00:11]} 68. Nc2+ {[%clk 00:15:39]} {[%emt 00:00:28]} Ka2
{[%clk 00:00:14]} {[%emt 00:00:11]} 69. Nxd4+ {[%clk 00:15:36]} {[%emt
00:00:14]} Qb2 {[%clk 00:00:23]} 1/2-1/2

[Event "English Schools Championship Final 2024"]
[Site "Nottingham University Kings Meadow Campus, United Kingdom"]
[Date "2024.06.27"]
[Round "3.11"]
[White "Kumar, Sanjit S"]
[Black "Yi, Louis"]
[Result "1-0"]
[TimeControl "G50' + 10\" per move."]
[WhiteFideId "468142"]
[BlackFideId "343418627"]
[WhiteElo "1989"]
[BlackElo "1728"]

1. d4 {[%clk 00:50:19]} d5 {[%clk 00:50:04]} {[%emt 00:00:17]} 2. c4 {[%clk
00:50:22]} {[%emt 00:00:06]} c6 {[%clk 00:50:08]} {[%emt 00:00:06]} 3. Nc3
{[%clk 00:50:28]} {[%emt 00:00:04]} Nf6 {[%clk 00:50:13]} {[%emt 00:00:05]} 4.
cxd5 {[%clk 00:50:33]} {[%emt 00:00:05]} cxd5 {[%clk 00:50:17]} {[%emt
00:00:06]} 5. Bf4 {[%clk 00:50:39]} {[%emt 00:00:04]} Nc6 {[%clk 00:50:21]}
{[%emt 00:00:06]} 6. e3 {[%clk 00:50:44]} {[%emt 00:00:06]} Bf5 {[%clk
00:50:22]} {[%emt 00:00:08]} 7. Nf3 {[%clk 00:49:50]} {[%emt 00:01:04]} a6
{[%clk 00:48:56]} {[%emt 00:01:36]} 8. Bd3 {[%clk 00:49:50]} {[%emt 00:00:10]}
Bxd3 {[%clk 00:47:20]} {[%emt 00:01:46]} 9. Qxd3 {[%clk 00:49:53]} {[%emt
00:00:06]} e6 {[%clk 00:46:45]} {[%emt 00:00:46]} 10. O-O {[%clk 00:49:57]}
{[%emt 00:00:07]} Be7 {[%clk 00:45:51]} {[%emt 00:01:03]} 11. Rfc1 {[%clk
00:49:50]} {[%emt 00:00:18]} O-O {[%clk 00:44:39]} {[%emt 00:01:20]} 12. Na4
{[%clk 00:49:13]} {[%emt 00:00:48]} Nh5 {[%clk 00:44:04]} {[%emt 00:00:45]} 13.
Bg3 {[%clk 00:48:45]} {[%emt 00:00:39]} Nxg3 {[%clk 00:43:21]} {[%emt
00:00:52]} 14. hxg3 {[%clk 00:48:50]} {[%emt 00:00:05]} Rc8 {[%clk 00:42:24]}
{[%emt 00:01:07]} 15. Nc5 {[%clk 00:48:27]} {[%emt 00:00:33]} Bxc5 {[%clk
00:41:15]} {[%emt 00:01:20]} 16. Rxc5 {[%clk 00:47:48]} {[%emt 00:00:49]} Qe7
{[%clk 00:39:48]} {[%emt 00:01:36]} 17. Rac1 {[%clk 00:47:26]} {[%emt
00:00:33]} Nb4 {[%clk 00:36:45]} {[%emt 00:03:12]} 18. Qb3 {[%clk 00:46:30]}
{[%emt 00:01:06]} Rxc5 {[%clk 00:35:23]} {[%emt 00:01:33]} 19. Rxc5 {[%clk
00:46:30]} {[%emt 00:00:10]} Nc6 {[%clk 00:34:26]} {[%emt 00:01:06]} 20. Qc3
{[%clk 00:46:35]} {[%emt 00:00:05]} f6 {[%clk 00:31:58]} {[%emt 00:02:38]} 21.
b4 {[%clk 00:46:07]} {[%emt 00:00:39]} Qd6 {[%clk 00:29:26]} {[%emt 00:02:40]}
22. a4 {[%clk 00:45:03]} {[%emt 00:01:16]} Nxb4 {[%clk 00:28:13]} {[%emt
00:01:23]} 23. Qxb4 {[%clk 00:45:06]} {[%emt 00:00:06]} b6 {[%clk 00:27:56]}
{[%emt 00:00:27]} 24. Rb5 {[%clk 00:45:12]} {[%emt 00:00:04]} Qc7 {[%clk
00:22:11]} {[%emt 00:05:56]} 25. Rxb6 {[%clk 00:45:08]} {[%emt 00:00:14]} a5
{[%clk 00:21:00]} {[%emt 00:01:21]} 26. Qd6 {[%clk 00:44:39]} {[%emt 00:00:39]}
Qc1+ {[%clk 00:20:17]} {[%emt 00:00:53]} 27. Kh2 {[%clk 00:44:42]} {[%emt
00:00:06]} Re8 {[%clk 00:19:13]} {[%emt 00:01:14]} 28. Qd7 {[%clk 00:44:28]}
{[%emt 00:00:25]} Rf8 {[%clk 00:17:59]} {[%emt 00:01:24]} 29. Rb7 {[%clk
00:44:28]} {[%emt 00:00:10]} 1-0

[Event "English Schools Championship Final 2024"]
[Site "Nottingham University Kings Meadow Campus, United Kingdom"]
[Date "2024.06.27"]
[Round "3.12"]
[White "Chetverikov, Ivan"]
[Black "Stewart, Hari"]
[Result "0-1"]
[TimeControl "G50' + 10\" per move."]
[WhiteFideId "458554"]
[BlackFideId "448583"]
[WhiteElo "1760"]
[BlackElo "1907"]

1. e4 {[%clk 00:50:17]} {[%emt 00:00:03]} c5 {[%clk 00:50:17]} {[%emt
00:00:03]} 2. Nf3 {[%clk 00:50:23]} {[%emt 00:00:04]} g6 {[%clk 00:50:23]}
{[%emt 00:00:04]} 3. c3 {[%clk 00:50:25]} {[%emt 00:00:08]} d5 {[%clk
00:50:31]} {[%emt 00:00:02]} 4. exd5 {[%clk 00:47:35]} {[%emt 00:03:00]} Qxd5
{[%clk 00:50:36]} {[%emt 00:00:05]} 5. d4 {[%clk 00:47:31]} {[%emt 00:00:15]}
Bg7 {[%clk 00:50:23]} {[%emt 00:00:22]} 6. Be2 {[%clk 00:46:56]} {[%emt
00:00:45]} Nf6 {[%clk 00:49:54]} {[%emt 00:00:39]} 7. O-O {[%clk 00:46:52]}
{[%emt 00:00:14]} cxd4 {[%clk 00:49:29]} {[%emt 00:00:35]} 8. cxd4 {[%clk
00:46:52]} {[%emt 00:00:10]} O-O {[%clk 00:49:24]} {[%emt 00:00:15]} 9. Nc3
{[%clk 00:46:43]} {[%emt 00:00:19]} Qa5 {[%clk 00:47:15]} {[%emt 00:02:18]} 10.
Qb3 {[%clk 00:44:24]} {[%emt 00:02:30]} Nc6 {[%clk 00:37:17]} {[%emt 00:10:08]}
11. Bf4 {[%clk 00:39:30]} {[%emt 00:05:05]} Qb4 {[%clk 00:34:06]} {[%emt
00:03:20]} 12. Qxb4 {[%clk 00:35:59]} {[%emt 00:03:41]} Nxb4 {[%clk 00:34:15]}
13. Bc4 {[%clk 00:35:14]} {[%emt 00:00:56]} Bf5 {[%clk 00:23:38]} {[%emt
00:10:47]} 14. Rad1 {[%clk 00:27:58]} {[%emt 00:07:25]} Rfd8 {[%clk 00:20:55]}
{[%emt 00:02:52]} 15. d5 {[%clk 00:20:15]} {[%emt 00:07:54]} Rac8 {[%clk
00:17:49]} {[%emt 00:03:16]} 16. Bb3 {[%clk 00:15:52]} {[%emt 00:04:33]} Ne4
{[%clk 00:16:53]} {[%emt 00:01:06]} 17. Nxe4 {[%clk 00:12:32]} {[%emt
00:03:30]} Bxe4 {[%clk 00:17:00]} {[%emt 00:00:04]} 18. Bg5 {[%clk 00:09:16]}
{[%emt 00:03:25]} Rd7 {[%clk 00:13:58]} {[%emt 00:03:12]} 19. Rfe1 {[%clk
00:06:59]} {[%emt 00:02:27]} Bxd5 {[%clk 00:13:38]} {[%emt 00:00:30]} 20. a3
{[%clk 00:06:44]} {[%emt 00:00:26]} Rcc7 {[%clk 00:11:55]} {[%emt 00:01:52]} 21.
Ba4 {[%clk 00:06:02]} {[%emt 00:00:51]} Nc6 {[%clk 00:11:33]} {[%emt 00:00:32]}
22. Bf4 {[%clk 00:05:24]} {[%emt 00:00:49]} Rc8 {[%clk 00:09:11]} {[%emt
00:02:33]} 23. Ne5 {[%clk 00:04:19]} {[%emt 00:01:15]} Bxe5 {[%clk 00:09:05]}
{[%emt 00:00:16]} 24. Bxc6 {[%clk 00:03:56]} {[%emt 00:00:32]} Bxc6 {[%clk
00:08:19]} {[%emt 00:00:56]} 25. Rxd7 {[%clk 00:03:27]} {[%emt 00:00:39]} Bxd7
{[%clk 00:07:15]} {[%emt 00:01:14]} 26. Rxe5 {[%clk 00:03:30]} {[%emt
00:00:07]} Be6 {[%clk 00:06:58]} {[%emt 00:00:27]} 27. h3 {[%clk 00:03:08]}
{[%emt 00:00:33]} Kg7 {[%clk 00:06:18]} {[%emt 00:00:49]} 28. Rb5 {[%clk
00:02:40]} {[%emt 00:00:38]} b6 {[%clk 00:06:16]} {[%emt 00:00:12]} 29. Be5+
{[%clk 00:02:38]} {[%emt 00:00:12]} f6 {[%clk 00:05:57]} {[%emt 00:00:29]} 30.
Bc3 {[%clk 00:02:44]} {[%emt 00:00:05]} Rc6 {[%clk 00:03:39]} {[%emt 00:02:27]}
31. Rb4 {[%clk 00:02:50]} {[%emt 00:00:04]} Bc4 {[%clk 00:03:33]} {[%emt
00:00:15]} 32. b3 {[%clk 00:02:13]} {[%emt 00:00:48]} Bd5 {[%clk 00:03:17]}
{[%emt 00:00:26]} 33. Bd4 {[%clk 00:02:17]} {[%emt 00:00:06]} e5 {[%clk
00:03:14]} {[%emt 00:00:12]} 34. Be3 {[%clk 00:02:09]} {[%emt 00:00:19]} Rc3
{[%clk 00:03:11]} {[%emt 00:00:12]} 35. Ra4 {[%clk 00:02:16]} {[%emt 00:00:04]}
Rc7 {[%clk 00:02:49]} {[%emt 00:00:32]} 36. Rb4 {[%clk 00:02:04]} {[%emt
00:00:22]} Rc3 {[%clk 00:02:21]} {[%emt 00:00:37]} 37. Ra4 {[%clk 00:02:03]}
{[%emt 00:00:13]} Rc7 {[%clk 00:02:28]} {[%emt 00:00:02]} 38. b4 {[%clk
00:01:51]} {[%emt 00:00:21]} Bb3 {[%clk 00:02:20]} {[%emt 00:00:19]} 39. Ra6
{[%clk 00:01:55]} {[%emt 00:00:06]} Bc4 {[%clk 00:02:23]} {[%emt 00:00:06]} 40.
Ra4 {[%clk 00:01:56]} {[%emt 00:00:09]} Bb5 {[%clk 00:02:22]} {[%emt 00:00:11]}
41. Rxa7 {[%clk 00:01:43]} {[%emt 00:00:24]} Rxa7 {[%clk 00:02:27]} {[%emt
00:00:05]} 42. Bxb6 {[%clk 00:01:51]} {[%emt 00:00:02]} Rxa3 {[%clk 00:02:35]}
{[%emt 00:00:02]} 43. Bc5 {[%clk 00:01:56]} {[%emt 00:00:04]} Kf7 {[%clk
00:02:39]} {[%emt 00:00:06]} 44. Kh2 {[%clk 00:02:05]} {[%emt 00:00:01]} Ke6
{[%clk 00:02:48]} {[%emt 00:00:02]} 45. f3 {[%clk 00:02:13]} {[%emt 00:00:02]}
Kd5 {[%clk 00:02:55]} {[%emt 00:00:03]} 46. Kg3 {[%clk 00:02:22]} {[%emt
00:00:02]} Rc3 {[%clk 00:02:55]} {[%emt 00:00:07]} 47. Be7 {[%clk 00:02:30]}
{[%emt 00:00:04]} f5 {[%clk 00:02:57]} {[%emt 00:00:09]} 48. h4 {[%clk
00:02:29]} {[%emt 00:00:10]} Rc7 {[%clk 00:02:56]} {[%emt 00:00:10]} 49. Bf8
{[%clk 00:02:37]} {[%emt 00:00:03]} Be8 {[%clk 00:02:55]} {[%emt 00:00:11]} 50.
Kh3 {[%clk 00:02:44]} {[%emt 00:00:04]} Kc4 {[%clk 00:03:00]} {[%emt 00:00:05]}
51. Bd6 {[%clk 00:02:45]} {[%emt 00:00:08]} Rb7 {[%clk 00:03:05]} {[%emt
00:00:04]} 52. g4 {[%clk 00:02:48]} {[%emt 00:00:08]} e4 {[%clk 00:03:06]}
{[%emt 00:00:08]} 53. fxe4 {[%clk 00:02:45]} {[%emt 00:00:14]} fxe4 {[%clk
00:03:15]} {[%emt 00:00:01]} 54. g5 {[%clk 00:02:50]} {[%emt 00:00:05]} Rxb4
{[%clk 00:03:21]} {[%emt 00:00:03]} 55. Bxb4 {[%clk 00:02:57]} {[%emt
00:00:02]} Kxb4 {[%clk 00:03:31]} {[%emt 00:00:02]} 56. Kg3 {[%clk 00:03:04]}
{[%emt 00:00:03]} Kc3 {[%clk 00:03:39]} 57. Kf2 {[%clk 00:03:12]} {[%emt
00:00:03]} 0-1

[Event "English Schools Championship Final 2024"]
[Site "Nottingham University Kings Meadow Campus, United Kingdom"]
[Date "2024.06.27"]
[Round "3.13"]
[White "Yoon, Jacob D"]
[Black "Makkar, Rajat"]
[Result "0-1"]
[TimeControl "G50' + 10\" per move."]
[WhiteFideId "446076"]
[BlackFideId "36016810"]
[WhiteElo "2279"]
[BlackElo "2602"]

1. d4 {[%clk 00:50:18]} {[%emt 00:00:01]} d5 {[%clk 00:49:36]} {[%emt
00:00:45]} 2. Nc3 {[%clk 00:50:25]} {[%emt 00:00:04]} Nf6 {[%clk 00:49:38]}
{[%emt 00:00:07]} 3. Bf4 {[%clk 00:50:31]} {[%emt 00:00:04]} e6 {[%clk
00:49:29]} {[%emt 00:00:19]} 4. Nb5 {[%clk 00:50:37]} {[%emt 00:00:04]} Bb4+
{[%clk 00:49:36]} {[%emt 00:00:03]} 5. c3 {[%clk 00:50:39]} {[%emt 00:00:07]}
Ba5 {[%clk 00:49:44]} {[%emt 00:00:03]} 6. b4 {[%clk 00:49:46]} {[%emt
00:01:03]} Bb6 {[%clk 00:49:25]} {[%emt 00:00:29]} 7. e3 {[%clk 00:49:42]}
{[%emt 00:00:13]} a5 {[%clk 00:48:10]} {[%emt 00:01:26]} 8. Bd3 {[%clk
00:48:52]} {[%emt 00:00:59]} O-O {[%clk 00:46:58]} {[%emt 00:01:22]} 9. Nf3
{[%clk 00:43:32]} {[%emt 00:05:30]} Na6 {[%clk 00:45:32]} {[%emt 00:01:36]} 10.
bxa5 {[%clk 00:39:16]} {[%emt 00:04:27]} Bxa5 {[%clk 00:45:10]} {[%emt
00:00:32]} 11. Qc2 {[%clk 00:38:48]} {[%emt 00:00:37]} c6 {[%clk 00:44:00]}
{[%emt 00:01:20]} 12. Nd6 {[%clk 00:37:48]} {[%emt 00:01:10]} Nb4 {[%clk
00:43:52]} {[%emt 00:00:19]} 13. cxb4 {[%clk 00:35:21]} {[%emt 00:02:37]} Bxb4+
{[%clk 00:43:37]} {[%emt 00:00:24]} 14. Nd2 {[%clk 00:35:27]} {[%emt 00:00:05]}
Bxd6 {[%clk 00:43:29]} {[%emt 00:00:18]} 15. Bxd6 {[%clk 00:34:56]} {[%emt
00:00:40]} Qxd6 {[%clk 00:43:33]} {[%emt 00:00:06]} 16. f4 {[%clk 00:35:02]}
{[%emt 00:00:04]} b6 {[%clk 00:36:32]} {[%emt 00:07:11]} 17. Nb3 {[%clk
00:29:09]} {[%emt 00:06:03]} Ba6 {[%clk 00:34:29]} {[%emt 00:02:14]} 18. Bxa6
{[%clk 00:29:03]} {[%emt 00:00:17]} Rxa6 {[%clk 00:34:33]} {[%emt 00:00:05]} 19.
O-O {[%clk 00:29:07]} {[%emt 00:00:05]} Rc8 {[%clk 00:33:02]} {[%emt 00:01:41]}
20. Rfc1 {[%clk 00:28:38]} {[%emt 00:00:39]} c5 {[%clk 00:32:42]} {[%emt
00:00:31]} 21. Qb2 {[%clk 00:27:59]} {[%emt 00:00:49]} c4 {[%clk 00:31:36]}
{[%emt 00:01:15]} 22. Nd2 {[%clk 00:28:03]} {[%emt 00:00:06]} Qa3 {[%clk
00:31:07]} {[%emt 00:00:40]} 23. Qc3 {[%clk 00:27:14]} {[%emt 00:00:59]} b5
{[%clk 00:30:53]} {[%emt 00:00:24]} 24. Nb1 {[%clk 00:25:31]} {[%emt 00:01:53]}
Qxc3 {[%clk 00:30:01]} {[%emt 00:01:02]} 25. Nxc3 {[%clk 00:25:34]} {[%emt
00:00:07]} b4 {[%clk 00:30:08]} {[%emt 00:00:03]} 26. Nd1 {[%clk 00:25:40]}
{[%emt 00:00:04]} Kf8 {[%clk 00:29:08]} {[%emt 00:01:11]} 27. Rab1 {[%clk
00:25:42]} {[%emt 00:00:07]} Ra4 {[%clk 00:28:55]} {[%emt 00:00:23]} 28. Rc2
{[%clk 00:25:47]} {[%emt 00:00:04]} Ne4 {[%clk 00:28:53]} {[%emt 00:00:12]} 29.
Nf2 {[%clk 00:24:32]} {[%emt 00:01:26]} Nc3 {[%clk 00:28:25]} {[%emt 00:00:37]}
30. Rbb2 {[%clk 00:24:39]} {[%emt 00:00:03]} Rca8 {[%clk 00:28:22]} {[%emt
00:00:13]} 31. Kf1 {[%clk 00:22:30]} {[%emt 00:02:19]} Rxa2 {[%clk 00:27:49]}
{[%emt 00:00:43]} 0-1

[Event "English Schools Championship Final 2024"]
[Site "Nottingham University Kings Meadow Campus, United Kingdom"]
[Date "2024.06.27"]
[Round "3.14"]
[White "Kothari, Jai"]
[Black "Pichugov, Andrey"]
[Result "1/2-1/2"]
[TimeControl "G50' + 10\" per move."]
[WhiteFideId "477117"]
[BlackFideId "490075"]
[WhiteElo "2129"]
[BlackElo "2029"]

1. e4 {[%clk 00:50:19]} c5 {[%clk 00:50:20]} 2. Nc3 {[%clk 00:50:24]} {[%emt
00:00:05]} Nc6 {[%clk 00:50:26]} {[%emt 00:00:03]} 3. Bb5 {[%clk 00:50:31]}
{[%emt 00:00:04]} Nd4 {[%clk 00:50:31]} {[%emt 00:00:05]} 4. Nf3 {[%clk
00:50:38]} {[%emt 00:00:03]} a6 {[%clk 00:50:27]} {[%emt 00:00:14]} 5. Bd3
{[%clk 00:50:44]} {[%emt 00:00:04]} d6 {[%clk 00:50:14]} {[%emt 00:00:24]} 6.
Nxd4 {[%clk 00:50:48]} {[%emt 00:00:05]} cxd4 {[%clk 00:50:21]} {[%emt
00:00:03]} 7. Ne2 {[%clk 00:50:51]} {[%emt 00:00:07]} e5 {[%clk 00:50:27]}
{[%emt 00:00:04]} 8. c3 {[%clk 00:50:57]} {[%emt 00:00:03]} dxc3 {[%clk
00:50:34]} {[%emt 00:00:04]} 9. dxc3 {[%clk 00:51:04]} {[%emt 00:00:04]} Be7
{[%clk 00:50:09]} {[%emt 00:00:34]} 10. O-O {[%clk 00:50:27]} {[%emt 00:00:46]}
Nf6 {[%clk 00:49:55]} {[%emt 00:00:24]} 11. c4 {[%clk 00:50:30]} {[%emt
00:00:08]} O-O {[%clk 00:49:33]} {[%emt 00:00:32]} 12. Nc3 {[%clk 00:49:42]}
{[%emt 00:00:58]} Be6 {[%clk 00:48:54]} {[%emt 00:00:48]} 13. b3 {[%clk
00:48:28]} {[%emt 00:01:25]} Nd7 {[%clk 00:45:06]} {[%emt 00:03:57]} 14. f4
{[%clk 00:46:32]} {[%emt 00:02:06]} exf4 {[%clk 00:42:10]} {[%emt 00:03:07]} 15.
Bxf4 {[%clk 00:44:54]} {[%emt 00:01:48]} Bf6 {[%clk 00:41:37]} {[%emt
00:00:43]} 16. Qc2 {[%clk 00:44:57]} {[%emt 00:00:07]} Be5 {[%clk 00:41:01]}
{[%emt 00:00:45]} 17. Rae1 {[%clk 00:41:26]} {[%emt 00:03:41]} Rc8 {[%clk
00:39:29]} {[%emt 00:01:42]} 18. Nd5 {[%clk 00:39:53]} {[%emt 00:01:44]} h6
{[%clk 00:36:23]} {[%emt 00:03:16]} 19. Qf2 {[%clk 00:37:53]} {[%emt 00:02:10]}
Bxf4 {[%clk 00:34:40]} {[%emt 00:01:52]} 20. Nxf4 {[%clk 00:37:04]} {[%emt
00:01:00]} Ne5 {[%clk 00:34:20]} {[%emt 00:00:29]} 21. Be2 {[%clk 00:36:39]}
{[%emt 00:00:36]} Qe7 {[%clk 00:32:12]} {[%emt 00:02:18]} 22. Rd1 {[%clk
00:34:51]} {[%emt 00:01:59]} Rc6 {[%clk 00:30:44]} {[%emt 00:01:37]} 23. Qd4
{[%clk 00:32:53]} {[%emt 00:02:08]} Rd8 {[%clk 00:28:31]} {[%emt 00:02:22]} 24.
Rd2 {[%clk 00:31:15]} {[%emt 00:01:48]} Rd7 {[%clk 00:27:26]} {[%emt 00:01:15]}
25. Rfd1 {[%clk 00:29:33]} {[%emt 00:01:52]} Qg5 {[%clk 00:25:30]} {[%emt
00:02:06]} 26. Qf2 {[%clk 00:27:13]} {[%emt 00:02:30]} Qf6 {[%clk 00:24:03]}
{[%emt 00:01:37]} 27. Nd3 {[%clk 00:26:07]} {[%emt 00:01:16]} Qg5 {[%clk
00:21:18]} {[%emt 00:02:56]} 28. Nb4 {[%clk 00:22:18]} {[%emt 00:03:59]} Ng4
{[%clk 00:20:17]} {[%emt 00:01:10]} 29. Bxg4 {[%clk 00:20:47]} {[%emt
00:01:41]} Bxg4 {[%clk 00:20:25]} {[%emt 00:00:02]} 30. Rd5 {[%clk 00:20:45]}
{[%emt 00:00:13]} Qg6 {[%clk 00:18:41]} {[%emt 00:01:54]} 31. Nxc6 {[%clk
00:19:44]} {[%emt 00:01:11]} bxc6 {[%clk 00:18:28]} {[%emt 00:00:23]} 32. R5d4
{[%clk 00:18:50]} {[%emt 00:01:02]} 1/2-1/2